| 000 | 00957nas a2200301 4500 | ||
|---|---|---|---|
| 001 | BR2017000833 | ||
| 003 | BR-BrBNA | ||
| 005 | 20231205130854.0 | ||
| 007 | ta | ||
| 008 | 230509b bl.|||p| |||| 00| 00por d | ||
| 040 |
_aBR-BrBNA _bpor _cBiblioteca Nacional de Agricultura |
||
| 041 | _a(Pt) | ||
| 072 | _aK50 | ||
| 100 | 1 | _aMelo, R.R. de | |
| 100 | 1 | _aRocha, M.J. | |
| 100 | 1 | _aRodolfo Junior, F. | |
| 100 | 1 | _aStangerlin, D.M. | |
| 245 | 1 | _aAnálise da influência do diâmetro no rendimento em madeira serrada de cambará | |
| 650 | _aCAMBARÁ | ||
| 650 | _aÁRVORE ANGIOSPERMA | ||
| 650 | _aMADEIRA SERRADA | ||
| 650 | _aDIÂMETRO | ||
| 650 | _aRENDIMENTO | ||
| 773 | 0 |
_tPesquisa Florestal Brasileira (Brazil) _xISSN 1983-2605 _g(Oct-Dec 2016), v. 36(88) p. 393-398 _wBR2017000833 |
|
| 856 | 4 | 0 | _uhttp://pfb.cnpf.embrapa.br/pfb/index.php/pfb/article/view/1151/530 |
| 909 |
_a202311 _bLúcia _c55 _dLúcia Elande |
||
| 942 |
_2AGRIS _n0 _cANA |
||
| 999 |
_c251777 _d251777 |
||